Vedúci prevádzky NC-strojov zborník prednášok : Martin, marec 1979

Salvato in:
Dettagli Bibliografici
Natura: Libro
Lingua:slovacco
Pubblicazione: Žilina Dom techniky ČSVTS 1979
Tags: Aggiungi Tag
Nessun Tag, puoi essere il primo ad aggiungerne!!

MARC

LEADER 00000nam a2200000 4500
001 0217049
005 20240109105531.2
041 0 |a slo 
044 |a SK 
245 1 0 |a Vedúci prevádzky NC-strojov  |b zborník prednášok : Martin, marec 1979 
264 1 |a Žilina  |b Dom techniky ČSVTS  |c 1979 
300 |a 108 s.